| 000 | 00567nam a2200217Ia 4500 | ||
|---|---|---|---|
| 005 | 20240202111652.0 | ||
| 008 | 131103s9999 xx 000 0 und d | ||
| 020 |
_a9788125919070 _c395.00 |
||
| 040 | _aLoreto College | ||
| 041 | _aEnglish | ||
| 082 |
_a370.15 _bCHA |
||
| 100 | _aChauhan,S.S. | ||
| 245 |
_aAdvanced Educational Psychology, _cS.S.Chauhan |
||
| 250 | _a7th ed. | ||
| 260 |
_aDelhi _bVikas Publishing House _c2007 |
||
| 300 |
_axii,529 p. _b22cm |
||
| 650 | _aEducation | ||
| 650 | _aEducational Psychology | ||
| 850 | _aLCLIB | ||
| 942 | _cBK | ||
| 999 |
_c39790 _d90269 |
||